Diseño y construcción de mecanismo de puerta de acceso para los autobuses producidos por la cooperativa de servicios aeroindustriales(COOPESA R.L.), división automotriz
Сохранить в:
| Главный автор: | |
|---|---|
| Формат: | |
| Опубликовано: |
San José, Costa Rica
1992
|
| Предметы: | |
| Метки: |
Добавить метку
Нет меток, Требуется 1-ая метка записи!
|
MARC
| LEADER | 00000nam a2200000Ia 4500 | ||
|---|---|---|---|
| 003 | 005520 | ||
| 005 | 20221231144321.0 | ||
| 008 | 140114s1992 cr a m 000 ||s d | ||
| 040 | |c cru CEDI | ||
| 090 | |a TFG 2649 | ||
| 100 | |a Quesada Arce, Edgar Martín |9 12329 | ||
| 245 | |a Diseño y construcción de mecanismo de puerta de acceso para los autobuses producidos por la cooperativa de servicios aeroindustriales(COOPESA R.L.), división automotriz | ||
| 260 | |c 1992 |a San José, Costa Rica | ||
| 300 | |a 355 hojas : ilustraciones (algunas plegables) ; 28 cm | ||
| 500 | |a Tesis (licenciatura en ingenieria mecánica)--Universidad de Costa Rica. Facultad de Ingeniería. Escuela de Ingeniería Mecánica, | ||
| 650 | |x AUTOBUSES - DISEÑO Y CONSTRUCCION |9 12330 | ||
| 942 | |c TFG | ||
| 999 | |c 20048 |d 20048 | ||
